| 000 | 00884cam6a220025300 4500 | ||
|---|---|---|---|
| 001 | tmp15676730 | ||
| 003 | UPRA | ||
| 005 | 20190823102956.0 | ||
| 008 | 951002s1985 ii eng u | ||
| 035 | _a(Sirsi) r56665 | ||
| 035 | _a(UPRA)tmp15676730 | ||
| 040 | _cUPRA | ||
| 100 | 1 |
_aPowar, C. B. _6A15472.1 |
|
| 245 | 1 | 0 |
_aGeneral microbiology / _cC.B. Powar, H.F. Daginawala. |
| 246 | 3 | _aGeneral microbiology | |
| 250 | _a[2nd ed.]. | ||
| 260 |
_aBombay : _bHimalaya Pub. House, _c[1985] |
||
| 504 | _aIncludes bibliographical references. | ||
| 505 | 0 | _av. 1. Chemistry, genetics and metabolism of microorganisms -- v. 2. Environmental, medical and industrial microbiology and the study of bacteria and viruses. | |
| 650 | 0 |
_aMicrobiology. _6S210.1 |
|
| 700 | 1 |
_aDeginawala, H. F. _6A15473.1 |
|
| 949 |
_aQR41.2 _wlcc _i-73717 _mMAIN _p1500 _tBOOK _lON-SHELF |
||
| 004 | 56665 | ||
| 999 |
_c148581 _d148581 |
||